[Event "HUN-chT2 Charousek 1415"]
[Site "Hungary"]
[Date "2015.04.26"]
[Round "9"]
[White "Solymosi, Istvan"]
[Black "Bator, Balazs"]
[Result "0-1"]
[WhiteElo "2136"]
[BlackElo "1953"]
[PlyCount "56"]
[EventDate "2014.10.12"]
[EventType "team-tourn"]
[EventRounds "9"]
[EventCountry "HUN"]
[SourceTitle "EXT 2016"]
[Source "ChessBase"]
[SourceDate "2015.10.08"]
[SourceVersion "1"]
[SourceVersionDate "2015.10.08"]
[SourceQuality "1"]
[WhiteTeam "Gyor Elektromos"]
[BlackTeam "Komlo"]
[WhiteTeamCountry "HUN"]
[BlackTeamCountry "HUN"]

1. d4 Nf6 2. c4 e6 3. Nc3 d5 4. Nf3 Be7 5. Bg5 0-0 6. e3 Nbd7 7. Qc2 b6 8. 0-0-0 Bb7 9. Bd3 Rc8 10. Kb1 c5 11. cxd5 exd5 12. Ne5 h6 13. h4 cxd4 14. exd4 Ne4 15. Bxe4 dxe4 16. Bxe7 Qxe7 17. Nxd7 Qxd7 18. d5 f5 19. Qb3 Ba6 20. f3 Bd3+ 21. Ka1 Rc5 22. Rhe1 Re8 23. Qb4 Rc4 24. Qb3 Rec8 25. g4 Rd4 26. gxf5 exf3 27. Rd2 Qxf5 28. Nd1 Rc1# 0-1

[Event "HUN-chT2 Charousek 1314"]
[Site "Hungary"]
[Date "2013.10.20"]
[Round "3"]
[White "Solymosi, Istvan"]
[Black "Bodi, Tibor"]
[Result "0-1"]
[WhiteElo "2161"]
[BlackElo "2035"]
[PlyCount "56"]
[EventDate "2013.09.08"]
[EventType "team-tourn"]
[EventRounds "11"]
[EventCountry "HUN"]
[SourceTitle "EXT 2016"]
[Source "ChessBase"]
[SourceDate "2015.10.08"]
[SourceVersion "1"]
[SourceVersionDate "2015.10.08"]
[SourceQuality "1"]
[WhiteTeam "Gyor Elektromos"]
[BlackTeam "Budapest HUSI"]
[WhiteTeamCountry "HUN"]
[BlackTeamCountry "HUN"]

1. d4 b5 2. e3 Bb7 3. Nf3 b4 4. a3 a5 5. c3 e6 6. Bd2 Nc6 7. Bb5 Nf6 8. 0-0 Bd6 9. Re1 Ne4 10. Qc2 f5 11. Bd3 Ne7 12. axb4 axb4 13. Rxa8 Bxa8 14. cxb4 Ng6 15. Nc3 Ng5 16. Nxg5 Qxg5 17. e4 f4 18. Bf1 Nh4 19. Kh1 0-0 20. Ne2 Qh5 21. f3 Nxf3 22. gxf3 Qxf3+ 23. Bg2 Qf2 24. Ng1 f3 25. Nxf3 Rxf3 26. d5 Rh3 27. e5 Bxd5 28. Re4 Bxe5 0-1

[Event "HUN-chT2 Charousek 1213"]
[Site "Hungary"]
[Date "2013.04.07"]
[Round "10"]
[White "Farkas, Gabor"]
[Black "Solymosi, Istvan"]
[Result "1-0"]
[WhiteElo "2262"]
[BlackElo "2177"]
[PlyCount "71"]
[EventDate "2012.09.16"]
[EventType "team-tourn"]
[EventRounds "11"]
[EventCountry "HUN"]
[SourceTitle "EXT 2014"]
[Source "ChessBase"]
[SourceDate "2013.11.20"]
[SourceVersion "1"]
[SourceVersionDate "2013.11.20"]
[SourceQuality "1"]
[WhiteTeam "Haladas II"]
[BlackTeam "Gyor"]
[WhiteTeamCountry "HUN"]
[BlackTeamCountry "HUN"]

1. d4 Nf6 2. c4 c5 3. d5 b5 4. cxb5 a6 5. bxa6 Bxa6 6. Nc3 g6 7. g3 d6 8. Bg2 Bg7 9. Nf3 0-0 10. 0-0 Nbd7 11. Rb1 Qa5 12. Bd2 Rfb8 13. Qc2 Ra7 14. b3 Qc7 15. h3 Nb6 16. Nh4 Qb7 17. Rfd1 Nbxd5 18. Nxd5 Nxd5 19. Bh6 Nb4 20. Qd2 Bxh6 21. Qxh6 Qb6 22. Nf3 f6 23. a3 Nc2 24. Nh4 Bb7 25. Nxg6 Bxg2 26. Kxg2 Qb7+ 27. Kh2 Nxa3 28. Nf4 Qe4 29. Rbc1 Rxb3 30. Rxc5 Rb8 31. Rh5 Rb5 32. Rh4 Rg5 33. Rd4 Qf5 34. e4 Qe5 35. Qxh7+ Kf8 36. Qh8+ 1-0

[Event "Komarom Esztergom County-chT"]
[Site "Hungary"]
[Date "2012.09.29"]
[Round "1.1"]
[White "Balogh, Peter"]
[Black "Solymosi, Istvan"]
[Result "0-1"]
[WhiteElo "2002"]
[BlackElo "2177"]
[PlyCount "108"]
[EventDate "2012.09.29"]
[EventType "team-tourn"]
[EventRounds "10"]
[EventCountry "HUN"]
[SourceTitle "EXT 2014"]
[Source "ChessBase"]
[SourceDate "2013.11.20"]
[SourceVersion "1"]
[SourceVersionDate "2013.11.20"]
[SourceQuality "1"]
[WhiteTeam "Kisber Aszar"]
[BlackTeam "Koernyei SE"]
[WhiteTeamCountry "HUN"]
[BlackTeamCountry "HUN"]

1. e4 c5 2. Nf3 e6 3. d4 cxd4 4. Nxd4 a6 5. Be3 Qc7 6. Be2 Nf6 7. Nd2 d6 8. 0-0 b6 9. f4 Bb7 10. Bf3 Nbd7 11. Re1 Rc8 12. e5 dxe5 13. fxe5 Nxe5 14. Bxb7 Qxb7 15. Bg5 Bc5 16. N2b3 Ned7 17. Kh1 Qd5 18. Bxf6 Nxf6 19. Qe2 Bxd4 20. Rad1 Qc4 21. Qxc4 Rxc4 22. Nxd4 0-0 23. c3 Rd8 24. Nf3 Rcc8 25. Ne5 Kf8 26. Kg1 b5 27. h3 Nd5 28. Re4 f6 29. Nf3 e5 30. Rf1 Kg8 31. Rd1 Nb6 32. Rxd8+ Rxd8 33. Re2 Kf7 34. Kf2 Nc4 35. b3 Nb6 36. Rd2 Rxd2+ 37. Nxd2 f5 38. g3 Ke6 39. Ke3 g5 40. Nf3 h6 41. g4 f4+ 42. Kd3 Nd5 43. c4 Nf6 44. Nd2 bxc4+ 45. bxc4 Kd6 46. Kc3 e4 47. Kd4 e3 48. Nf3 Nd7 49. Ke4 e2 50. Ne1 Ne5 51. c5+ Ke6 52. a3 f3 53. c6 f2 54. c7 Kd7 0-1

[Event "HUN-chT2 Charousek 1112"]
[Site "Hungary"]
[Date "2011.11.27"]
[Round "4"]
[White "Solymosi, Istvan"]
[Black "Zsirai, Peter"]
[Result "0-1"]
[WhiteElo "2178"]
[BlackElo "2083"]
[PlyCount "176"]
[EventDate "2011.09.25"]
[EventType "team-tourn"]
[EventRounds "11"]
[EventCountry "HUN"]
[SourceTitle "EXT 2013"]
[Source "ChessBase"]
[SourceDate "2012.11.22"]
[SourceVersion "1"]
[SourceVersionDate "2012.11.22"]
[SourceQuality "1"]
[WhiteTeam "Gyor Elektromos"]
[BlackTeam "Aquaprofit II"]
[WhiteTeamCountry "HUN"]
[BlackTeamCountry "HUN"]

1. d4 Nf6 2. c4 g6 3. Nc3 d5 4. cxd5 Nxd5 5. e4 Nxc3 6. bxc3 Bg7 7. Nf3 c5 8. Rb1 0-0 9. Be2 Nc6 10. d5 Ne5 11. Nxe5 Bxe5 12. Qd2 b6 13. f4 Bg7 14. c4 e5 15. Bb2 Qh4+ 16. g3 Qh3 17. Bf1 Qh5 18. Bg2 Bh3 19. 0-0 Bxg2 20. Qxg2 Rae8 21. f5 Bh6 22. Rbe1 f6 23. g4 Qh4 24. Bc3 Bf4 25. Rf3 Rb8 26. a4 Rb7 27. Re2 gxf5 28. exf5 Rg7 29. h3 h5 30. Be1 Qg5 31. Kf1 hxg4 32. hxg4 Qxg4 33. Qxg4 Rxg4 34. Rg2 Rxg2 35. Kxg2 Rf7 36. Kf1 Rh7 37. a5 Rh1+ 38. Ke2 Rh2+ 39. Kd3 Bg5 40. Bf2 Rh1 41. axb6 axb6 42. Ke4 Bh4 43. Be3 Kf7 44. d6 Ke8 45. Bd2 Kd7 46. Rd3 Be1 47. Be3 Rh4+ 48. Kd5 Rh3 49. Ra3 Ba5 50. Bxc5 Rh1 51. Ra2 Rd1+ 52. Ke4 bxc5 53. Rxa5 Rd4+ 54. Ke3 Kxd6 55. Ra7 Rf4 56. Ra6+ Ke7 57. Kd3 Rd4+ 58. Kc3 e4 59. Rc6 e3 60. Re6+ Kf7 61. Rxe3 Rf4 62. Re6 Rxf5 63. Rc6 Re5 64. Kd3 Kg6 65. Rc8 Kg5 66. Rg8+ Kf4 67. Rg1 Re3+ 68. Kd2 Re4 69. Rf1+ Ke5 70. Kd3 f5 71. Rh1 Kf4 72. Rf1+ Kg5 73. Rg1+ Rg4 74. Re1 Rd4+ 75. Kc3 Kf6 76. Re8 Re4 77. Rc8 Re5 78. Rg8 f4 79. Kd3 Kf5 80. Rg7 f3 81. Kd2 Kf4 82. Rf7+ Kg3 83. Rg7+ Kf2 84. Rf7 Kg2 85. Rg7+ Kf1 86. Rf7 f2 87. Rc7 Re2+ 88. Kd3 Ke1 0-1

[Event "HUN-chT2 Breyer 1011"]
[Site "Hungary"]
[Date "2011.05.01"]
[Round "10.6"]
[White "Solymosi, Istvan"]
[Black "Horvath, Laszlo1111"]
[Result "1-0"]
[WhiteElo "2171"]
[BlackElo "2066"]
[PlyCount "55"]
[EventDate "2010.09.12"]
[EventType "team-tourn"]
[EventRounds "11"]
[EventCountry "HUN"]
[SourceTitle "EXT 2012"]
[Source "ChessBase"]
[SourceDate "2011.11.24"]
[SourceVersion "1"]
[SourceVersionDate "2011.11.24"]
[SourceQuality "1"]
[WhiteTeam "Gyor Elektromos"]
[BlackTeam "Gyor Komszomol"]
[WhiteTeamCountry "HUN"]
[BlackTeamCountry "HUN"]

1. d4 Nf6 2. c4 e6 3. Nc3 Bb4 4. f3 d5 5. a3 Bxc3+ 6. bxc3 b6 7. Bg5 h6 8. Bh4 Bb7 9. cxd5 exd5 10. e3 Nbd7 11. Bd3 0-0 12. Ne2 Re8 13. Bf2 c5 14. 0-0 Rc8 15. Ng3 g6 16. Re1 cxd4 17. cxd4 Kg7 18. e4 dxe4 19. fxe4 Nf8 20. d5 N8d7 21. Bd4 Ne5 22. Rf1 Qd6 23. Ra2 Re7 24. Raf2 Nfd7 25. Bb5 Kg8 26. Qa1 Rc7 27. Bxd7 Rcxd7 28. Rf6 1-0

[Event "HUN-chT2 Szechenyi 0910"]
[Site "Hungary"]
[Date "2010.04.18"]
[Round "10.3"]
[White "Solymosi, Istvan"]
[Black "Babits, Andras"]
[Result "1-0"]
[WhiteElo "2171"]
[BlackElo "2180"]
[PlyCount "141"]
[EventDate "2009.11.08"]
[EventType "team-tourn"]
[EventRounds "11"]
[EventCountry "HUN"]
[SourceTitle "EXT 2011"]
[Source "ChessBase"]
[SourceDate "2010.11.26"]
[SourceVersion "1"]
[SourceVersionDate "2010.11.26"]
[SourceQuality "1"]
[WhiteTeam "Gyor Elektromos"]
[BlackTeam "Keszthely"]
[WhiteTeamCountry "HUN"]
[BlackTeamCountry "HUN"]

1. d4 Nf6 2. c4 d6 3. Nc3 Nbd7 4. e4 e5 5. d5 c6 6. Be3 cxd5 7. cxd5 a6 8. f3 Be7 9. Bd3 0-0 10. Nge2 Ne8 11. 0-0 Bg5 12. Qd2 Bxe3+ 13. Qxe3 b5 14. g4 Qb6 15. Qxb6 Nxb6 16. a4 b4 17. a5 bxc3 18. axb6 Rb8 19. bxc3 Rxb6 20. Rfb1 Rxb1+ 21. Rxb1 Nc7 22. Rb6 Rd8 23. Nc1 Kf8 24. Nb3 Nb5 25. Bxb5 axb5 26. Rxb5 Bd7 27. Rb7 Ke8 28. Nd2 Rc8 29. Rb3 Kd8 30. Kf2 Rc5 31. Nf1 Kc7 32. Ne3 f6 33. Ra3 Kb7 34. Ke2 g6 35. Kd3 Bb5+ 36. c4 Bd7 37. Kc3 h6 38. Rb3+ Kc8 39. Rb6 Kc7 40. Ra6 Bc8 41. Ra3 Bb7 42. Kb4 Kb6 43. Nd1 Rc8 44. Nc3 Rd8 45. Na4+ Kc7 46. c5 f5 47. Nc3 fxg4 48. Nb5+ Kd7 49. Nxd6 Rb8 50. Nb5 gxf3 51. c6+ Bxc6 52. dxc6+ Kxc6 53. Rc3+ Kd7 54. Rxf3 Ke6 55. Rc3 Kf6 56. h4 h5 57. Rc6+ Kg7 58. Rc7+ Kf6 59. Kc5 Ra8 60. Kd5 Ra1 61. Rc6+ Kg7 62. Nd6 Rh1 63. Rc7+ Kg8 64. Kxe5 Rxh4 65. Kf6 Rg4 66. Rg7+ Kf8 67. Rxg6 Rxg6+ 68. Kxg6 h4 69. Nf5 h3 70. Kf6 h2 71. Ng3 1-0

[Event "HUN-chT2 Szechenyi 0910"]
[Site "Hungary"]
[Date "2010.01.31"]
[Round "5.5"]
[White "Solymosi, Istvan"]
[Black "Varga, Melinda"]
[Result "1-0"]
[WhiteElo "2171"]
[BlackElo "1871"]
[PlyCount "41"]
[EventDate "2009.11.08"]
[EventType "team-tourn"]
[EventRounds "11"]
[EventCountry "HUN"]
[SourceTitle "EXT 2011"]
[Source "ChessBase"]
[SourceDate "2010.11.26"]
[SourceVersion "1"]
[SourceVersionDate "2010.11.26"]
[SourceQuality "1"]
[WhiteTeam "Gyor Elektromos"]
[BlackTeam "HVSE Infraplan"]
[WhiteTeamCountry "HUN"]
[BlackTeamCountry "HUN"]

1. d4 d5 2. c4 e6 3. Nf3 Nf6 4. Nc3 c6 5. e3 Nbd7 6. Bd3 Be7 7. 0-0 b6 8. e4 dxe4 9. Nxe4 Bb7 10. Qe2 Nxe4 11. Bxe4 Nf6 12. Bc2 0-0 13. Rd1 Qc7 14. Ne5 Rad8 15. Bf4 Qc8 16. Ng4 Rfe8 17. Be5 Nxg4 18. Qxg4 g6 19. Rd3 f6 20. Rg3 f5 21. Qh5 1-0

[Event "HUN-chT2 Charousek 0809"]
[Site "Hungary"]
[Date "2009.02.22"]
[Round "8"]
[White "Juhasz, Kristof"]
[Black "Solymosi, Istvan"]
[Result "1/2-1/2"]
[WhiteElo "2214"]
[BlackElo "2195"]
[PlyCount "59"]
[EventDate "2008.10.26"]
[EventType "team-tourn"]
[EventRounds "11"]
[EventCountry "HUN"]
[SourceTitle "EXT 2010"]
[Source "ChessBase"]
[SourceDate "2010.11.25"]
[SourceVersion "1"]
[SourceVersionDate "2010.11.25"]
[SourceQuality "1"]
[WhiteTeam "Csuti II"]
[BlackTeam "Gyor Elektromos"]
[WhiteTeamCountry "HUN"]
[BlackTeamCountry "HUN"]

1. c4 c5 2. Nf3 b6 3. d4 cxd4 4. Nxd4 a6 5. Nc3 e6 6. e4 Qc7 7. Be2 Bb7 8. 0-0 Nf6 9. f3 Be7 10. Be3 d6 11. Qd2 Nbd7 12. a4 Rc8 13. a5 0-0 14. axb6 Nxb6 15. Rfc1 Nfd7 16. Kh1 Qb8 17. b3 Bf6 18. Bf1 Rfd8 19. Qf2 Na8 20. Rab1 Ne5 21. Qa2 Rd7 22. Na4 Nc6 23. Nxc6 Bxc6 24. c5 Bb5 25. b4 Bxf1 26. Rxf1 Qb5 27. Rfd1 Rcd8 28. Rxd6 Rxd6 29. cxd6 Rxd6 30. Qc2 1/2-1/2

[Event "HUN-chT2 Charousek 0809"]
[Site "Hungary"]
[Date "2009.02.08"]
[Round "7"]
[White "Solymosi, Istvan"]
[Black "Szabo, Zsolt2222"]
[Result "1/2-1/2"]
[WhiteElo "2195"]
[BlackElo "2350"]
[PlyCount "57"]
[EventDate "2008.10.26"]
[EventType "team-tourn"]
[EventRounds "11"]
[EventCountry "HUN"]
[SourceTitle "EXT 2010"]
[Source "ChessBase"]
[SourceDate "2010.11.25"]
[SourceVersion "1"]
[SourceVersionDate "2010.11.25"]
[SourceQuality "1"]
[WhiteTeam "Gyor Elektromos"]
[BlackTeam "Honved"]
[WhiteTeamCountry "HUN"]
[BlackTeamCountry "HUN"]

1. d4 d5 2. c4 e6 3. Nf3 Nf6 4. Nc3 Bb4 5. cxd5 exd5 6. Bg5 c5 7. dxc5 Nbd7 8. e3 0-0 9. Be2 Nxc5 10. 0-0 Bxc3 11. bxc3 Be6 12. Qd4 Nce4 13. Rab1 Qa5 14. Bxf6 Nxf6 15. Bd3 h6 16. Rxb7 Qxa2 17. c4 Qa6 18. Rb4 dxc4 19. Ra1 Qc8 20. Bxc4 Rd8 21. Qf4 Nd5 22. Bxd5 Bxd5 23. h3 a5 24. Rba4 Bxf3 25. Qxf3 Qc2 26. R4a2 Qc5 27. Ra4 Qc2 28. R4a2 Qc5 29. Ra4 1/2-1/2

[Event "HUN-chT2 Charousek 0809"]
[Site "Hungary"]
[Date "2008.11.02"]
[Round "2"]
[White "Solymosi, Istvan"]
[Black "Radnetter, Georg"]
[Result "0-1"]
[WhiteElo "2195"]
[BlackElo "2189"]
[PlyCount "74"]
[EventDate "2008.10.26"]
[EventType "team-tourn"]
[EventRounds "11"]
[EventCountry "HUN"]
[SourceTitle "EXT 2010"]
[Source "ChessBase"]
[SourceDate "2010.11.25"]
[SourceVersion "1"]
[SourceVersionDate "2010.11.25"]
[SourceQuality "1"]
[WhiteTeam "Gyor Elektromos"]
[BlackTeam "Sarvar"]
[WhiteTeamCountry "HUN"]
[BlackTeamCountry "HUN"]

1. d4 Nf6 2. c4 e6 3. Nc3 Bb4 4. f3 d5 5. a3 Bxc3+ 6. bxc3 c5 7. cxd5 Nxd5 8. dxc5 f5 9. c4 Nf6 10. Qxd8+ Kxd8 11. Nh3 Na6 12. Bf4 Bd7 13. Bd6 Rc8 14. Rb1 Nxc5 15. Bxc5 Rxc5 16. Rxb7 Ke7 17. Rxa7 Rxc4 18. g3 Rb8 19. Bg2 Rb2 20. Kf2 Rcc2 21. Re1 Ra2 22. Nf4 Rc3 23. Rd1 Rcxa3 24. Rb7 Ra7 25. Rdb1 Rxb7 26. Rxb7 Rc2 27. Nd3 Kd6 28. h3 e5 29. f4 e4 30. Ne5 g6 31. g4 Bc6 32. Nf7+ Kc5 33. Re7 Nd5 34. Re5 Kd4 35. gxf5 Nxf4 36. fxg6 hxg6 37. Bf1 Nd3+ 0-1